<?xml version="1.0" encoding="UTF-8"?>
<collection xmlns="http://www.loc.gov/MARC21/slim">
<record>
  <controlfield tag="001">2426</controlfield>
  <controlfield tag="005">20160701171705.0</controlfield>
  <datafield tag="037" ind1=" " ind2=" ">
    <subfield code="a">ASTROimport-583</subfield>
  </datafield>
  <datafield tag="100" ind1=" " ind2=" ">
    <subfield code="a">Blomme, R.</subfield>
  </datafield>
  <datafield tag="260" ind1=" " ind2=" ">
    <subfield code="c">1992</subfield>
  </datafield>
  <datafield tag="245" ind1=" " ind2=" ">
    <subfield code="a">Models for stellar wind of early-type stars.</subfield>
  </datafield>
  <datafield tag="520" ind1=" " ind2=" ">
    <subfield code="a">The radiatively driven wind theory does not correctly predict the observed values of the terminal velocity and mass loss rate for O and early B-type stars. Hoping to explain this discrepancy the authors investigated how sensitive the theoretical predictions are to errors in the oscillator strengths. The results show that the stellar wind dynamics is quite sensitive to changes in the oscillator strengths for the iron-group elements. For some stars the mass loss rate increases by a factor of 2, bringing them much closer to the observed rates. Unfortunately at the same time the terminal velocity also increases, making the discrepancy of that parameter with the observations even larger. </subfield>
  </datafield>
  <datafield tag="773" ind1=" " ind2=" ">
    <subfield code="p">Revista Mexicana de Astronomia y Astrofisica, vol. 23</subfield>
    <subfield code="v">23</subfield>
    <subfield code="y">1992</subfield>
    <subfield code="c">241-246</subfield>
  </datafield>
  <datafield tag="856" ind1="4" ind2="2">
    <subfield code="a">http://esoads.eso.org/abs/1992RMxAA..23..241B</subfield>
  </datafield>
  <datafield tag="905" ind1=" " ind2=" ">
    <subfield code="a">published in</subfield>
  </datafield>
  <datafield tag="980" ind1=" " ind2=" ">
    <subfield code="a">NONREF</subfield>
  </datafield>
</record>
</collection>